[Event "Bayern-chI Bank Hofmann 27th"]
[White "Zheng, Harry Z"]
[Black "Bossinger, Patrick"]
[Site "Gmund am Tegernsee"]
[Round "9"]
[Result "1-0"]
[Date "2024.11.03"]
[WhiteElo "2232"]
[BlackElo "2094"]
[PlyCount "107"]
[EventDate "2024.10.26"]
[EventType "swiss"]
[EventRounds "9"]
[EventCountry "GER"]
[SourceTitle "CB45_2024"]
[Source "ChessBase"]
[SourceDate "2024.11.06"]
[SourceVersion "1"]
[SourceVersionDate "2024.11.06"]
[SourceQuality "1"]

1. e4 c5 2. Nf3 Nc6 3. d4 cxd4 4. Nxd4 g6 5. c4 Bg7 6. Nc2 Nf6 7. Nc3 a6 8. Be2 b5 9. Bf3 Ne5 10. cxb5 axb5 11. 0-0 Bb7 12. Bf4 Nxf3+ 13. Qxf3 0-0 14. Qe2 Qa5 15. a3 Rac8 16. Nb4 Rc4 17. Be5 Re8 18. b3 Rcc8 19. Qxb5 Qxb5 20. Nxb5 Rc5 21. Nc7 Rxe5 22. Nxe8 Nxe8 23. f3 Ra5 24. Rad1 d6 25. a4 Nc7 26. Rf2 Ne6 27. Rc2 Bd4+ 28. Kf1 Kf8 29. Nc6 Bxc6 30. Rxc6 Ke8 31. Rc4 Bb6 32. Ra1 Nc5 33. Ra3 Nd3 34. b4 Ra8 35. Rxd3 Rxa4 36. Rdc3 Ra2 37. Rc2 Ra1+ 38. Rc1 Ra2 39. R4c2 Ra4 40. Rb1 Kd7 41. b5 Bc5 42. b6 Ra8 43. b7 Rb8 44. e5 Kc6 45. exd6 exd6 46. Re2 d5 47. Rc2 Kd6 48. Rb5 Ba7 49. Rc8 h5 50. Ke2 d4 51. Kd3 Kd7 52. Rd5+ Ke7 53. Rxb8 Bxb8 54. Rc5 1-0

[Event "Skalica op"]
[White "Groessing, Daniel Yosuke"]
[Black "Zheng, Harry Z"]
[Site "Skalica"]
[Round "5"]
[Result "1/2-1/2"]
[Date "2024.08.06"]
[WhiteElo "1983"]
[BlackElo "2211"]
[PlyCount "252"]
[EventDate "2024.08.03"]
[EventType "swiss"]
[EventRounds "9"]
[EventCountry "SVK"]
[SourceTitle "CBM 221 Extra"]
[Source "ChessBase"]
[SourceDate "2024.09.30"]
[SourceVersion "1"]
[SourceVersionDate "2024.09.30"]
[SourceQuality "1"]

1. d4 Nf6 2. c4 e6 3. Nf3 b6 4. a3 Bb7 5. Nc3 Ne4 6. Nxe4 Bxe4 7. Nd2 Bb7 8. e4 d6 9. Bd3 g6 10. 0-0 Bg7 11. d5 exd5 12. exd5 0-0 13. Nf3 c5 14. Bg5 Qc7 15. Qd2 Re8 16. Rae1 Nd7 17. Bf4 b5 18. b3 bxc4 19. bxc4 Ba6 20. h4 Nf6 21. Rxe8+ Rxe8 22. Re1 Rb8 23. Qe2 Qd7 24. Qe7 Qxe7 25. Rxe7 Nxd5 26. cxd5 Bxd3 27. Bxd6 Rc8 28. Bf4 Rd8 29. Rxa7 Bf8 30. Ne5 Rxd5 31. Nxd3 Rxd3 32. Rc7 Rxa3 33. Rc8 Kg7 34. Be5+ f6 35. Rc7+ Kg8 36. Bf4 Ra4 37. g3 h5 38. Rc8 Kf7 39. Rxf8+ Kxf8 40. Bd6+ Kf7 41. Bxc5 g5 42. hxg5 fxg5 43. Kg2 Kg6 44. Be3 Kf5 45. Kf3 Ra3 46. Kg2 Kg4 47. Bd4 Ra2 48. Be3 Rc2 49. Bd4 Rd2 50. Be3 Ra2 51. Bd4 Kf5 52. Be3 Ra3 53. Bd2 Rd3 54. Bc1 Rd5 55. Be3 Ke4 56. Bc1 Kd3 57. Be3 Re5 58. Bb6 Ke2 59. Ba7 Rf5 60. Bb6 Rf3 61. Bc5 Rf5 62. Bb6 Rb5 63. Ba7 Kd3 64. Be3 Re5 65. Bb6 Kc4 66. Ba7 Re6 67. Be3 Rg6 68. Bc1 Kd5 69. Be3 Ke4 70. Bc1 Kf5 71. Be3 Ra6 72. Bd4 Ra4 73. Be3 Rg4 74. Kf1 h4 75. Kg2 hxg3 76. f3 Ra4 77. Kxg3 Ra3 78. Kf2 Rc3 79. Ke2 Rc2+ 80. Kd3 Rg2 81. Bd2 Kg6 82. Be3 Kh5 83. Ke4 Kh4 84. Kf5 Kh5 85. Bc1 Rg3 86. Ke4 Kh4 87. Bd2 Rg2 88. Be3 Ra2 89. Kf5 Ra5+ 90. Kg6 Ra6+ 91. Kf5 Kh5 92. Bd2 Ra3 93. Ke4 Ra2 94. Be3 Ra5 95. Bf2 Ra4+ 96. Ke3 Ra2 97. Bg3 Kg6 98. Be1 Kf5 99. Bd2 Ra3+ 100. Ke2 Ra1 101. Kf2 Rb1 102. Kg3 Rb2 103. Be3 Rc2 104. Bd4 Ra2 105. Be3 Ra3 106. Kf2 Kg6 107. Ke2 Ra2+ 108. Kd3 Rg2 109. Ke4 Rh2 110. Ke5 Rh8 111. Ke4 Rf8 112. Bd2 Kh5 113. Bc1 Kh4 114. Bd2 Rd8 115. Bc1 Rd1 116. Be3 Re1 117. Kd3 Rb1 118. Ke4 Rb5 119. Bd2 Kg3 120. Bc1 Kf2 121. Bd2 Ke2 122. Bc1 Rc5 123. Bb2 Rc2 124. Bf6 Rc4+ 125. Kf5 Rc5+ 126. Kg4 Rc4+ 1/2-1/2

[Event "Skalica op"]
[White "Zheng, Harry Z"]
[Black "Pacher, Milan"]
[Site "Skalica"]
[Round "4"]
[Result "0-1"]
[Date "2024.08.05"]
[WhiteElo "2211"]
[BlackElo "2365"]
[PlyCount "54"]
[EventDate "2024.08.03"]
[EventType "swiss"]
[EventRounds "9"]
[EventCountry "SVK"]
[SourceTitle "CBM 221 Extra"]
[Source "ChessBase"]
[SourceDate "2024.09.30"]
[SourceVersion "1"]
[SourceVersionDate "2024.09.30"]
[SourceQuality "1"]

1. e4 e5 2. Nf3 Nc6 3. Bb5 a6 4. Ba4 d6 5. c3 f5 6. d4 fxe4 7. Nxe5 dxe5 8. Qh5+ Ke7 9. Qh4+ Kf7 10. Qxe4 Nf6 11. Qe2 Bd6 12. Bb3+ Kf8 13. dxe5 Nxe5 14. 0-0 Bf5 15. Bc2 Qd7 16. Be3 Re8 17. Na3 h5 18. c4 Neg4 19. h3 Bxa3 20. bxa3 Qd6 21. hxg4 hxg4 22. g3 Bxc2 23. Qxc2 Qc6 24. f3 Rxe3 25. Qd2 Rxf3 26. Rxf3 Qxf3 27. Qd8+ Ne8 0-1

[Event "Piestany Slovakia op-A"]
[White "Zheng, Harry Z"]
[Black "Hulka, Valentyn"]
[Site "Piestany"]
[Round "4"]
[Result "1/2-1/2"]
[Date "2024.07.12"]
[WhiteElo "2112"]
[BlackElo "2264"]
[PlyCount "120"]
[EventDate "2024.07.09"]
[EventType "swiss"]
[EventRounds "9"]
[EventCountry "SVK"]
[SourceTitle "EXT 2025"]
[Source "ChessBase"]
[SourceDate "2024.10.14"]
[SourceVersion "1"]
[SourceVersionDate "2024.10.14"]
[SourceQuality "1"]

1. e4 e5 2. Nf3 Nc6 3. Bb5 a6 4. Ba4 Bc5 5. 0-0 Nge7 6. c3 Ba7 7. d4 Ng6 8. Be3 0-0 9. Nbd2 d5 10. Bxc6 bxc6 11. exd5 cxd5 12. Nxe5 Nxe5 13. dxe5 Bxe3 14. fxe3 Qg5 15. Nf3 Qxe3+ 16. Rf2 Rd8 17. Qd4 Qh6 18. Raf1 a5 19. Qc5 Qb6 20. Qxb6 cxb6 21. Ng5 Ba6 22. Rd1 Ra7 23. Rfd2 h6 24. Ne4 Re7 25. Rxd5 Rxd5 26. Rxd5 Bc4 27. Rd8+ Kh7 28. Rb8 Rxe5 29. Nd6 Bxa2 30. Rxb6 Re2 31. Rb5 a4 32. Rb4 Bd5 33. c4 Bxg2 34. Nxf7 Bc6 35. Nd8 Bf3 36. h4 Kg6 37. c5 Rc2 38. c6 Kh5 39. Rxa4 Bxc6 40. Nxc6 Rxc6 41. Rb4 Rc2 42. Kf1 Rh2 43. Kg1 Rd2 44. Kf1 g6 45. Kg1 g5 46. hxg5 hxg5 47. Rb3 Kh4 48. Rb4+ g4 49. Rb3 Rc2 50. Rc3 Rxb2 51. Ra3 Rc2 52. Rb3 Re2 53. Ra3 Kg5 54. Ra5+ Kf4 55. Ra4+ Kg3 56. Ra3+ Kh4 57. Rb3 g3 58. Rb8 g2 59. Rh8+ Kg3 60. Rh3+ Kxh3 1/2-1/2

[Event "Piestany Slovakia op-A"]
[White "Mohamed, Anees M"]
[Black "Zheng, Harry Z"]
[Site "Piestany"]
[Round "3"]
[Result "1-0"]
[Date "2024.07.11"]
[WhiteElo "2306"]
[BlackElo "2112"]
[PlyCount "87"]
[EventDate "2024.07.09"]
[EventType "swiss"]
[EventRounds "9"]
[EventCountry "SVK"]
[SourceTitle "EXT 2025"]
[Source "ChessBase"]
[SourceDate "2024.10.14"]
[SourceVersion "1"]
[SourceVersionDate "2024.10.14"]
[SourceQuality "1"]

1. e4 e5 2. Nf3 Nc6 3. Bb5 a6 4. Ba4 Nf6 5. 0-0 b5 6. Bb3 Be7 7. c3 0-0 8. Re1 d6 9. h3 Na5 10. Bc2 c5 11. d4 Nd7 12. d5 Nb6 13. Nbd2 Bd7 14. Nf1 Nb7 15. Ng3 g6 16. Be3 a5 17. Rf1 Bf6 18. Nd2 Bg7 19. b3 f5 20. exf5 gxf5 21. c4 a4 22. Rc1 axb3 23. axb3 Na5 24. Bb1 bxc4 25. bxc4 Qe7 26. Qh5 Qf7 27. Qh4 Qg6 28. Nh5 Bh6 29. Kh2 Kh8 30. g4 e4 31. g5 Bg7 32. Nxg7 Kxg7 33. f3 exf3 34. Rxf3 Rae8 35. Bd3 Re7 36. Ra1 Qe8 37. Qh6+ Kg8 38. g6 hxg6 39. Rxa5 Rh7 40. Qf4 Qe7 41. Rg3 Kg7 42. Nf3 Rfh8 43. Ra7 Qf6 44. Bxf5 1-0

[Event "Piestany Slovakia op-A"]
[White "Zheng, Harry Z"]
[Black "Senthil, Maran K"]
[Site "Piestany"]
[Round "2"]
[Result "0-1"]
[Date "2024.07.10"]
[WhiteElo "2112"]
[BlackElo "2369"]
[PlyCount "153"]
[EventDate "2024.07.09"]
[EventType "swiss"]
[EventRounds "9"]
[EventCountry "SVK"]
[SourceTitle "EXT 2025"]
[Source "ChessBase"]
[SourceDate "2024.10.14"]
[SourceVersion "1"]
[SourceVersionDate "2024.10.14"]
[SourceQuality "1"]

1. e4 c6 2. d4 d5 3. e5 Bf5 4. h4 h5 5. Bd3 Bxd3 6. Qxd3 Qa5+ 7. Nd2 e6 8. Ngf3 Nh6 9. 0-0 Nf5 10. Nb3 Qa6 11. Qd1 b6 12. Bg5 c5 13. a4 Nc6 14. c3 Rc8 15. g3 Be7 16. Re1 0-0 17. Bxe7 Ncxe7 18. Ng5 g6 19. a5 Qb5 20. axb6 axb6 21. Rb1 Ra8 22. dxc5 bxc5 23. Nd2 Qd3 24. c4 dxc4 25. Nde4 Qxd1 26. Rbxd1 Rfb8 27. Rc1 Rb4 28. Nf6+ Kg7 29. Re4 Nd4 30. Nd7 Rxb2 31. Rxc4 Ra1+ 32. Kg2 Raa2 33. Nh3 Nb3 34. Re1 Rc2 35. Rxc2 Rxc2 36. Nf6 Nd4 37. Ne8+ Kf8 38. Nd6 Nef5 39. Ra1 Ne3+ 40. Kh1 Ng4 41. Ra8+ Kg7 42. Ne8+ Kh6 43. Nf6 Nxe5 44. Ng5 Ng4 45. Nxg4+ hxg4 46. Nxf7+ Kg7 47. Ne5 Rxf2 48. Ra7+ Kf8 49. Kg1 Rc2 50. Nxg6+ Ke8 51. Ra8+ Kd7 52. Ne5+ Kd6 53. Nxg4 Nf5 54. h5 Rc3 55. Ra6+ Ke7 56. Ra7+ Kd6 57. Ra6+ Kc7 58. Kf2 Rxg3 59. Nh6 Rg5 60. Rxe6 Nd4 61. Rg6 Rxh5 62. Ng4 Rh3 63. Ne5 Rc3 64. Rh6 Ra3 65. Rg6 Kb7 66. Nc4 Rf3+ 67. Ke1 Rc3 68. Nd6+ Kc7 69. Kd2 Rh3 70. Nc4 Nb5 71. Ne5 Nc3 72. Kc2 Ne4 73. Nd3 c4 74. Nb4 Rh2+ 75. Kc1 Kb7 76. Re6 Nc5 77. Nd5 0-1

[Event "ECF Schools-ch"]
[White "Zheng, Harry Z"]
[Black "Terim, Bartu"]
[Site "Nottingham"]
[Round "1.1"]
[Result "1-0"]
[Date "2024.06.27"]
[WhiteElo "2200"]
[BlackElo "1915"]
[PlyCount "61"]
[EventDate "2024.06.27"]
[EventType "team-swiss"]
[EventRounds "5"]
[EventCountry "ENG"]
[SourceTitle "EXT 2025"]
[Source "ChessBase"]
[SourceDate "2024.10.14"]
[SourceVersion "1"]
[SourceVersionDate "2024.10.14"]
[SourceQuality "1"]
[WhiteTeam "Westminster School"]
[BlackTeam "North Liverpool Academy"]
[WhiteTeamCountry "ENG"]
[BlackTeamCountry "ENG"]

1. e4 c5 2. Nf3 d6 3. d4 cxd4 4. Nxd4 Nf6 5. Nc3 a6 6. Be3 e5 7. Nf3 Be6 8. Ng5 Bg4 9. f3 Bh5 10. Nd5 Nbd7 11. Be2 Be7 12. Nxe7 Qxe7 13. Qd2 h6 14. Nh3 Qe6 15. c4 Ke7 16. Qb4 b6 17. Nf2 g5 18. 0-0 Rab8 19. Qa3 Nc5 20. b4 Ncxe4 21. Nxe4 Nxe4 22. g4 Bg6 23. fxe4 Bxe4 24. c5 d5 25. cxb6 d4 26. b5+ Ke8 27. bxa6 Qxb6 28. Bf2 h5 29. Bf3 Qc6 30. Rac1 Qa8 31. Rc7 1-0

[Event "Malopolska-ch"]
[White "Zheng, Harry Z"]
[Black "Wnek, Filip"]
[Site "Krakow"]
[Round "2"]
[Result "1-0"]
[Date "2024.05.30"]
[WhiteElo "2115"]
[BlackElo "1954"]
[PlyCount "83"]
[EventDate "2024.05.30"]
[EventType "swiss"]
[EventRounds "7"]
[EventCountry "POL"]
[SourceTitle "EXT 2025"]
[Source "ChessBase"]
[SourceDate "2024.10.14"]
[SourceVersion "1"]
[SourceVersionDate "2024.10.14"]
[SourceQuality "1"]

1. e4 c5 2. Nf3 d6 3. d4 cxd4 4. Nxd4 Nf6 5. Nc3 a6 6. Be3 e6 7. a4 b6 8. Bd3 Bb7 9. 0-0 Nbd7 10. f3 Be7 11. Nce2 d5 12. exd5 Nxd5 13. Bf2 Bg5 14. Re1 Ne3 15. Qb1 Qf6 16. f4 Ng4 17. Nf5 exf5 18. fxg5 Qxg5 19. Qc1 Qf6 20. Ng3+ Kf8 21. Bxf5 Nde5 22. Qf4 Nxf2 23. Rxe5 Ng4 24. Qb4+ Kg8 25. Re7 a5 26. Rae1 Qc6 27. Qd2 h5 28. Bxg4 hxg4 29. Qf2 Rf8 30. Rf1 Qh6 31. h3 Bd5 32. Nf5 Qg5 33. Rd7 Be6 34. Ne7+ Kh7 35. h4 Qe5 36. Qd4 Qh5 37. Qe4+ g6 38. Qxe6 Qc5+ 39. Kh1 fxe6 40. Nf5+ Rf7 41. Rxf7+ Kg8 42. Ne7+ 1-0

[Event "Fagernes op"]
[White "Zheng, Harry Z"]
[Black "Daakshin, Arun"]
[Site "Fagernes"]
[Round "9"]
[Result "1-0"]
[Date "2024.03.31"]
[WhiteElo "2077"]
[BlackElo "2283"]
[PlyCount "119"]
[EventDate "2024.03.24"]
[EventType "swiss"]
[EventRounds "9"]
[EventCountry "NOR"]
[SourceTitle "CBM 219 Extra"]
[Source "ChessBase"]
[SourceDate "2024.05.31"]
[SourceVersion "1"]
[SourceVersionDate "2024.05.31"]
[SourceQuality "1"]

1. e4 c5 2. Nf3 d6 3. d4 cxd4 4. Nxd4 Nf6 5. Nc3 a6 6. Be3 e5 7. Nf3 Be7 8. Bc4 0-0 9. 0-0 Be6 10. Bb3 Nc6 11. Bg5 Nd7 12. Bxe7 Qxe7 13. Nd5 Qd8 14. Qe2 Nc5 15. Rad1 Kh8 16. Rd2 f5 17. Nc3 fxe4 18. Nxe4 Nxb3 19. axb3 Bg4 20. Rxd6 Bxf3 21. Qxf3 Rxf3 22. Rxd8+ Rxd8 23. gxf3 Nd4 24. Kg2 Nxc2 25. Rc1 Rc8 26. Rd1 Rf8 27. Nd6 Nd4 28. Nxb7 Nxf3 29. Rd8 Rxd8 30. Nxd8 e4 31. Nb7 Ne1+ 32. Kg3 Nd3 33. Nd6 Nc5 34. Kf4 a5 35. Nxe4 Nxb3 36. Ke3 g6 37. Nd2 Nc5 38. Kd4 Ne6+ 39. Kc4 Kg7 40. Nb3 Kf6 41. Nxa5 Ke5 42. b4 Nc7 43. Nc6+ Ke4 44. Ne7 g5 45. Ng8 Kf3 46. Nf6 h6 47. Nd5 Ne6 48. b5 Kxf2 49. b6 Nd8 50. Kc5 Kg2 51. Kd6 Kxh2 52. Kc7 Ne6+ 53. Kc8 Nc5 54. Nf6 h5 55. Nd7 Nxd7 56. Kxd7 g4 57. b7 g3 58. b8Q h4 59. Ke6 Kh1 60. Qh8 1-0

[Event "Fagernes op"]
[White "Zheng, Harry Z"]
[Black "Okuno Okuno, Rion"]
[Site "Fagernes"]
[Round "7"]
[Result "1/2-1/2"]
[Date "2024.03.29"]
[WhiteElo "2077"]
[BlackElo "1981"]
[PlyCount "58"]
[EventDate "2024.03.24"]
[EventType "swiss"]
[EventRounds "9"]
[EventCountry "NOR"]
[SourceTitle "CBM 219 Extra"]
[Source "ChessBase"]
[SourceDate "2024.05.31"]
[SourceVersion "1"]
[SourceVersionDate "2024.05.31"]
[SourceQuality "1"]

1. e4 c5 2. Nf3 d6 3. d4 cxd4 4. Nxd4 Nf6 5. Nc3 a6 6. Be3 e5 7. Nf3 Be7 8. Bc4 0-0 9. 0-0 Nc6 10. Bg5 Be6 11. Bb3 Nd7 12. Bxe7 Qxe7 13. Nd5 Qd8 14. Qe2 Nc5 15. Rfd1 f5 16. exf5 Nxb3 17. axb3 Bxf5 18. Ne3 Bg6 19. Nc4 Bh5 20. Rxd6 Bxf3 21. Qxf3 Rxf3 22. Rxd8+ Rxd8 23. gxf3 Nd4 24. Nxe5 Nxc2 25. Rc1 Nd4 26. Rc7 b5 27. Ra7 Re8 28. Ng4 h5 29. Ne3 Re6 1/2-1/2

[Event "Rilton Cup 51st"]
[White "Zheng, Harry Z"]
[Black "Rempe, Jonas"]
[Site "Stockholm"]
[Round "4"]
[Result "1/2-1/2"]
[Date "2023.12.30"]
[WhiteElo "2105"]
[BlackElo "2150"]
[PlyCount "140"]
[EventDate "2023.12.27"]
[EventType "swiss"]
[EventRounds "9"]
[EventCountry "SWE"]
[SourceTitle "CBM 218 Extra"]
[Source "ChessBase"]
[SourceDate "2024.03.31"]
[SourceVersion "1"]
[SourceVersionDate "2024.03.31"]
[SourceQuality "1"]

1. e4 c5 2. Nf3 d6 3. d4 cxd4 4. Nxd4 Nf6 5. Nc3 a6 6. Be3 e5 7. Nf3 Be7 8. Bc4 0-0 9. 0-0 Be6 10. Bb3 Nc6 11. Bg5 Nd7 12. Bxe7 Qxe7 13. Nd5 Qd8 14. Qe2 Rc8 15. Rfd1 Na5 16. Rd2 Nxb3 17. axb3 Bxd5 18. Rxd5 Nf6 19. Rd3 Qc7 20. c4 Qc6 21. Nd2 Rfd8 22. g3 Nd7 23. Rd1 Qb6 24. Qe3 Qxe3 25. fxe3 Nc5 26. Rd5 Kf8 27. Ra1 Ke7 28. Kf2 Nd7 29. Kf3 Rc5 30. b4 Rxd5 31. exd5 f5 32. e4 Rf8 33. exf5 g6 34. f6+ Nxf6 35. Ke2 Rc8 36. b3 Rb8 37. h3 b5 38. Rxa6 bxc4 39. Ra7+ Kf8 40. Nxc4 Rxb4 41. Nxd6 Nxd5 42. Rf7+ Kg8 43. Rb7 Rd4 44. Nc4 Nc3+ 45. Ke3 Nd1+ 46. Ke2 Nc3+ 47. Kf2 Ne4+ 48. Kg2 Rd3 49. g4 Nc5 50. Rb8+ Kg7 51. b4 Nd7 52. Rb7 Kf6 53. b5 Ke6 54. Nb6 Nf6 55. Nc8 Nd5 56. Rxh7 Rc3 57. Na7 Kd6 58. h4 Kc5 59. h5 gxh5 60. gxh5 Kb6 61. h6 Nf4+ 62. Kf2 e4 63. Re7 Ra3 64. Nc8+ Kxb5 65. Nd6+ Kc6 66. Nf5 Rf3+ 67. Kg1 Ne2+ 68. Kg2 Rxf5 69. Rxe4 Rh5 70. Rxe2 Rxh6 1/2-1/2

[Event "Rilton Cup 51st"]
[White "Suliborski, Jakub"]
[Black "Zheng, Harry Z"]
[Site "Stockholm"]
[Round "2"]
[Result "1-0"]
[Date "2023.12.28"]
[WhiteElo "2243"]
[BlackElo "2105"]
[PlyCount "43"]
[EventDate "2023.12.27"]
[EventType "swiss"]
[EventRounds "9"]
[EventCountry "SWE"]
[SourceTitle "CBM 218 Extra"]
[Source "ChessBase"]
[SourceDate "2024.03.31"]
[SourceVersion "1"]
[SourceVersionDate "2024.03.31"]
[SourceQuality "1"]

1. e4 e5 2. Nf3 Nc6 3. Bb5 a6 4. Ba4 Nf6 5. 0-0 Be7 6. Re1 b5 7. Bb3 d6 8. a4 Bg4 9. c3 0-0 10. h3 Bh5 11. d3 Na5 12. Bc2 b4 13. Nbd2 Rb8 14. g4 Bg6 15. d4 exd4 16. cxd4 d5 17. e5 Nd7 18. Nf1 Bxc2 19. Qxc2 c5 20. Ne3 cxd4 21. Nxd5 Rc8 22. Qxc8 1-0

[Event "Copenhagen Killer Chess op"]
[White "Snedker, Oliver Kaehne"]
[Black "Zheng, Harry Z"]
[Site "Copenhagen"]
[Round "8"]
[Result "0-1"]
[Date "2023.10.21"]
[WhiteElo "1990"]
[BlackElo "2141"]
[PlyCount "78"]
[EventDate "2023.10.14"]
[EventType "swiss"]
[EventRounds "9"]
[EventCountry "DEN"]
[SourceTitle "CBM 216 Extra"]
[Source "ChessBase"]
[SourceDate "2023.11.30"]
[SourceVersion "1"]
[SourceVersionDate "2023.11.30"]
[SourceQuality "1"]

1. e4 e5 2. Nf3 Nc6 3. Nc3 Nf6 4. Bb5 Bb4 5. 0-0 0-0 6. Bxc6 dxc6 7. d3 Re8 8. h3 Bd6 9. Ne2 h6 10. Nh2 Nh5 11. Nc3 Qh4 12. Ng4 Re6 13. Kh2 Nf4 14. Bxf4 exf4 15. e5 Bxe5 16. Nxe5 Rxe5 17. Ne4 Be6 18. Qf3 Re8 19. c4 Bxc4 20. Nf6+ Qxf6 21. dxc4 g5 22. Rfd1 Re2 23. b3 Qb2 24. Rdb1 Qd4 25. Kg1 b5 26. Rd1 Qf6 27. cxb5 cxb5 28. a4 a6 29. axb5 axb5 30. Rac1 Qe5 31. Qc6 Kg7 32. Kf1 Re7 33. Kg1 b4 34. Qf3 c5 35. Qd3 Ra7 36. Qb1 Raa2 37. Re1 Rab2 38. Qd3 Rxe1+ 39. Rxe1 Qxe1+ 0-1

[Event "Skalica op-A"]
[White "Kantorik, Marian"]
[Black "Zheng, Harry Z"]
[Site "Skalica"]
[Round "9"]
[Result "1/2-1/2"]
[Date "2023.08.27"]
[WhiteElo "2208"]
[BlackElo "2068"]
[PlyCount "73"]
[EventDate "2023.08.19"]
[EventType "swiss"]
[EventRounds "9"]
[EventCountry "SVK"]
[SourceTitle "CBM 215 Extra"]
[Source "ChessBase"]
[SourceDate "2023.09.30"]
[SourceVersion "1"]
[SourceVersionDate "2023.09.30"]
[SourceQuality "1"]

1. d4 Nf6 2. c4 e6 3. Nc3 Bb4 4. e3 0-0 5. Nge2 c6 6. a3 Ba5 7. b4 Bc7 8. e4 d6 9. g3 e5 10. Bg2 a5 11. b5 Nbd7 12. 0-0 Bb6 13. Na4 exd4 14. Nxb6 Qxb6 15. Qxd4 Qxd4 16. Nxd4 Ne5 17. bxc6 bxc6 18. f4 Nxc4 19. Nxc6 Bb7 20. e5 Bxc6 21. Bxc6 Rac8 22. Bb5 dxe5 23. Bxc4 Rxc4 24. fxe5 Nd7 25. Bf4 Ra4 26. Rfd1 Nb6 27. Be3 Nc4 28. Bc5 Rc8 29. Rd4 h5 30. Bd6 Nb6 31. Rxa4 Nxa4 32. Rb1 Nc3 33. Rb7 Rc4 34. e6 fxe6 35. Be5 Rc5 36. Bxg7 Nb5 37. a4 1/2-1/2

[Event "Skalica op-A"]
[White "Zheng, Harry Z"]
[Black "Turcan, Richard"]
[Site "Skalica"]
[Round "4"]
[Result "0-1"]
[Date "2023.08.22"]
[WhiteElo "2068"]
[BlackElo "2406"]
[PlyCount "96"]
[EventDate "2023.08.19"]
[EventType "swiss"]
[EventRounds "9"]
[EventCountry "SVK"]
[SourceTitle "CBM 215 Extra"]
[Source "ChessBase"]
[SourceDate "2023.09.30"]
[SourceVersion "1"]
[SourceVersionDate "2023.09.30"]
[SourceQuality "1"]

1. e4 c5 2. Nf3 d6 3. d4 cxd4 4. Nxd4 Nf6 5. Nc3 g6 6. Be3 Bg7 7. f3 a6 8. Qd2 h5 9. Nd5 Nbd7 10. c4 0-0 11. Be2 e6 12. Nxf6+ Bxf6 13. Rd1 d5 14. cxd5 exd5 15. exd5 Re8 16. 0-0 Nb6 17. Nc2 Bf5 18. Bd3 Bxd3 19. Qxd3 Rc8 20. Qb3 Rxc2 21. Qxb6 Rxb2 22. Qxd8 Bxd8 23. Bf2 Ree2 24. d6 Rxf2 25. Rxf2 Bb6 26. d7 Bxf2+ 27. Kf1 Bb6 28. d8Q+ Bxd8 29. Rxd8+ Kg7 30. a4 a5 31. Rd5 b6 32. h4 Rb4 33. Rd6 Rxh4 34. Rxb6 Rxa4 35. Ra6 Ra1+ 36. Kf2 h4 37. Ra7 a4 38. Ra6 a3 39. Ra7 a2 40. Ra6 Kh6 41. Ra5 f5 42. Ra7 Kg5 43. Ra5 Kh5 44. f4 h3 45. Kg3 Rg1 46. Rxa2 Rxg2+ 47. Rxg2 hxg2 48. Kh3 g1R 0-1

[Event "Wroclaw Anderssen Memorial op-A"]
[White "Zheng, Harry Z"]
[Black "Czarniecka, Aleksandra"]
[Site "Wroclaw"]
[Round "7"]
[Result "1-0"]
[Date "2023.08.11"]
[WhiteElo "2068"]
[BlackElo "1995"]
[PlyCount "45"]
[EventDate "2023.08.06"]
[EventType "swiss"]
[EventRounds "9"]
[EventCountry "POL"]
[SourceTitle "CBM 215 Extra"]
[Source "ChessBase"]
[SourceDate "2023.09.30"]
[SourceVersion "1"]
[SourceVersionDate "2023.09.30"]
[SourceQuality "1"]

1. e4 c5 2. Nf3 d6 3. d4 cxd4 4. Nxd4 Nf6 5. Nc3 e6 6. Be3 Nc6 7. f4 Be7 8. Qf3 e5 9. Nxc6 bxc6 10. f5 Qa5 11. 0-0-0 Rb8 12. Bc4 Qb4 13. Bb3 a5 14. a3 Qb7 15. g4 h6 16. h4 h5 17. gxh5 Nxh5 18. Bg5 Bf8 19. Na4 Qb5 20. Rhg1 Ba6 21. Qf2 c5 22. Nc3 Qb6 23. Ba4+ 1-0

[Event "Wroclaw Anderssen Memorial op-A"]
[White "Zerebiec, Maurycy"]
[Black "Zheng, Harry Z"]
[Site "Wroclaw"]
[Round "6"]
[Result "1/2-1/2"]
[Date "2023.08.10"]
[WhiteElo "1925"]
[BlackElo "2068"]
[PlyCount "122"]
[EventDate "2023.08.06"]
[EventType "swiss"]
[EventRounds "9"]
[EventCountry "POL"]
[SourceTitle "CBM 215 Extra"]
[Source "ChessBase"]
[SourceDate "2023.09.30"]
[SourceVersion "1"]
[SourceVersionDate "2023.09.30"]
[SourceQuality "1"]

1. c4 e5 2. Nc3 Nf6 3. g3 d5 4. cxd5 Nxd5 5. Bg2 Nb6 6. e3 c5 7. Nge2 Nc6 8. d4 cxd4 9. Bxc6+ bxc6 10. exd4 Bg4 11. dxe5 Qxd1+ 12. Nxd1 Bf3 13. Rg1 Nc4 14. Bf4 Bb4+ 15. Kf1 Bg4 16. Nd4 c5 17. Nc2 Bxd1 18. Rxd1 Nxb2 19. Rb1 Bc3 20. Ne3 0-0 21. Nd5 Bd4 22. Be3 Nc4 23. Bxd4 cxd4 24. Rb4 Nxe5 25. Kg2 Nc6 26. Rc4 Rfd8 27. Nc7 Ne5 28. Rxd4 Rxd4 29. Nxa8 Ra4 30. Rc1 g6 31. Rc2 Nd3 32. Rd2 Nc1 33. Nc7 Nxa2 34. Rd8+ Kg7 35. Ne8+ Kf8 36. Ra8 Ke7 37. Nc7 Ra5 38. Rb8 Nc3 39. Rb3 Nd5 40. Rb7 Nxc7 41. Rxc7+ Ke6 42. h4 h5 43. Rb7 Ra1 44. Kf3 a5 45. Ra7 a4 46. Ra6+ Kd5 47. Rf6 a3 48. Rxf7 Rc1 49. Ra7 Rc3+ 50. Kf4 Kc4 51. Kg5 Kb3 52. Kxg6 Rc4 53. Rxa3+ Kxa3 54. Kxh5 Kb4 55. f4 Kc5 56. Kg6 Kd6 57. h5 Ke7 58. Kg7 Rc7 59. h6 Ke8+ 60. Kg8 Rc6 61. Kg7 Rc7+ 1/2-1/2

[Event "Wroclaw Anderssen Memorial op-A"]
[White "Zheng, Harry Z"]
[Black "Malinowski, Damian"]
[Site "Wroclaw"]
[Round "5"]
[Result "1-0"]
[Date "2023.08.09"]
[WhiteElo "2068"]
[BlackElo "2007"]
[PlyCount "127"]
[EventDate "2023.08.06"]
[EventType "swiss"]
[EventRounds "9"]
[EventCountry "POL"]
[SourceTitle "CBM 215 Extra"]
[Source "ChessBase"]
[SourceDate "2023.09.30"]
[SourceVersion "1"]
[SourceVersionDate "2023.09.30"]
[SourceQuality "1"]

1. e4 c6 2. d4 d5 3. e5 Bf5 4. h4 h5 5. Bd3 Bxd3 6. Qxd3 e6 7. Bg5 Be7 8. Nf3 Nh6 9. Bxh6 Rxh6 10. Nbd2 Nd7 11. g3 Rg6 12. Kf1 c5 13. c3 Qb6 14. Kg2 Nb8 15. a3 Qa6 16. Qe3 Nd7 17. Ng5 Rh6 18. Rae1 Rh8 19. Qf3 Bxg5 20. hxg5 Ke7 21. Rxh5 Rxh5 22. Qxh5 cxd4 23. cxd4 Qd3 24. Nf3 Rc8 25. Re3 Qb1 26. Rc3 Rxc3 27. bxc3 Qd3 28. Qh8 g6 29. Qc8 Qb5 30. Nh2 Qc6 31. Qxc6 bxc6 32. Nf3 Kd8 33. Kf1 Kc7 34. Ke2 Kb6 35. Kd3 Kb5 36. g4 Ka4 37. Nh4 Kxa3 38. Kc2 c5 39. dxc5 Nxc5 40. f4 Nd7 41. Nf3 a5 42. Nd4 Ka4 43. Nc6 Kb5 44. Nd8 Kc4 45. Nxf7 d4 46. f5 d3+ 47. Kd2 Nf8 48. f6 a4 49. Nd6+ Kb3 50. Nb5 Kc4 51. Na3+ Kb3 52. c4 Kxa3 53. c5 Kb4 54. c6 a3 55. c7 a2 56. c8Q a1Q 57. Qxf8+ Kc4 58. Qc8+ Kd4 59. Qd8+ Kxe5 60. Qc7+ Kd5 61. Qd8+ Ke5 62. Qc7+ Kd5 63. Qb7+ Ke5 64. f7 1-0